Trouve le joueur de football avec une mauvaise description - Statistiques

Statistiques générales
  • Ce quiz a été pris 234 fois
  • Le résultat moyen est 5 sur 15
Statistiques - réponses
Description Joueur de football % Correct
Petit joueur de football, souvent qualifié d'autiste, et souvent représenté chauve. Lionel Messi
97%
Grand attaquant nordique qui utilise sa ceinture noire de taekwondo pour inscrire des buts spectaculaires. Zlatan Ibrahimović
87%
Attaquant français originaire d'une communauté nomade devenu un tigre mangeur de BigMac. André-Pierre Gignac
72%
Petit défenseur à la crinière de Lion, Di Maria lui fait réaliser un grand écart sur un feinte de corps lors d'un classico. Ce One Club Man indépendantiste est un défenseur mythique. Carles Puyol
53%
Solide CRS de Ligue 1, il réalise l'exploit d'annoncer sa retraite international en 2020 sans n'avoir jamais connu de sélections. Grand représentant des chauves, il est devenu adoré de son club en gagnant une coupe de France avec lui en 2022. Nicolas Pallois
49%
Attaquant français connu pour sa phrase "Va te faire enculer sale fils de pute". Aussi connu pour ses publicités pour Quick et ses appariations dans la série Foot2Rue. Nicolas Anelka
46%
Aussi vieux que ton daron, mais il joue encore au football dans le sud de la France. Il est titulaire lors de la saison où le Bayern Munich fait le triplé championnat, coupe nationale, coupe d'Europe. Pour le reconnaitre sur le terrain : cherchez la touffe sur son crane. Dante
30%
Filme ses copains se branler dans les vestiaires de l'équipe de France U17 pendant un rassemblement. Bizarrement, la FFF n'était pas d'accord. William Saliba
29%
Gueule cassé à cause d'un accident de balançoire à 12 ans, son mono sourcil n'aide pas non plus. En conflit avec Mancini, il était à 2 doigts de lui casser la mâchoire. Il passera à Shanghai Shenhua où son surpoids l'empêchera de jouer. Il retournera s'accrocher aux grillages en Argentine. Carlos Tevez
25%
Son association avec Andres Iniesta vendra beaucoup de maillots et de rêves mais ils ne gagneront qu'une seul coupe ensemble. Après sa carrière, il fera fortune dans les kebab. Lukas Podolski
20%
À crashé plus de Ferrari qu'il n'a gagné de trophées. Adore conduire, surtout sans permis. Il est plus connu pour ses cartes Fifa, où il arborera longtemps une iroquoise de mauvais goût, que pour ses exploits footballistiques. Sa seule bonne coupe sera une coupe de France avec Rennes. M'baye Niang
15%
Passé de Blanc-Mesnil à l'Inter de Milan a une vitesse similaire à la sienne, personne n'a jamais compris pourquoi. Il remplace Luis Figo pour ses débuts en pro. Il est aussi connu pour exaspérer Yuto Nagatomo en ne lui faisait pas de passes. Jonathan Biabiany
7%
10 clubs en 10 ans dans 3 championnats différents, les clubs se le refilent car il est très souvent blessés, à tel point qu'il est devenu un "passionné de santé". Son nom contient feu en français, c'est pourtant pas ce qu'il a dans les jambes. Gerard Deulofeu
6%
Il bat les records de précocité de la Premier League, de la Ligue Des Champions et de la Coupe d'Angleterre. Sa carrière aussi sera précoce, 320 matchs manqués pour des blessures en 10 ans de carrière, respect. Jack Wilshere
6%
Pas fâché avec la bouteille lorsqu'il conduit, internet lui donne le statut de "Lord". Gros boulard aux pieds carrés, ses débordements se voyaient plus hors terrain que sur le pré vert. Nicklas Bendtner
6%
Aucun quiz correspondant
Distribution des résultats
% des personnes avec chaque résultat
Percentile par nombre de réponses
Votre historique - résultats
Vous n’avez pas pris ce quiz